| 000 | 00942cab a2200253 4500 | ||
|---|---|---|---|
| 001 | ABS43820 | ||
| 008 | 090401t1990 xxu||||| |||| 00| 0 eng d | ||
| 035 | _a(Sirsi) u43606 | ||
| 041 | _aeng | ||
| 100 | _aHaines-Young, R. | ||
| 245 | _aGIS for environmental management | ||
| 260 | _c1990 | ||
| 350 | _a0 | ||
| 490 |
_aMapping Awareness _v4(9) November 1990, 51-54(4) |
||
| 520 | _aExamines how Geographic Information Systems can be of value in identifying where forestry might be acceptable in a lowland area, in this case, Buckinghamshire, before looking at the benefits of GIS in assessing environmental impact of large scale planting in the Flow Country in Scotland . | ||
| 650 | _aAFFORESTATION | ||
| 650 | _aLAND MANAGEMENT | ||
| 650 | _aWOODLAND IMPROVEMENT ZONES | ||
| 690 | _aMANAGEMENT-BUSINESS MANAGEMENT-INFORMATION MANAGEMENT | ||
| 700 | _aWard, N. | ||
| 700 | _aAvery, M. | ||
| 942 | _n0 | ||
| 948 | _c04/03/1997 | ||
| 999 |
_c27790 _d27790 |
||